• 首页
  • 本馆介绍
  • 公告通知
  • 最新文献
  • 馆藏检索
  • 电子资源
  • 读者导购
  • 参考咨询
  • 我的图书馆
  • 登录
  • 详细信息显示
  • 放入我的书架
  • 预约/预借图书
  • 作者相关作品
  • 分类相关作品
  • 丛书相关作品
  • 出版社相关作品

书目信息

  • 表格格式
  • 工作单格式
  • 卡片格式
题名:
应用型本科高校教育教学研究
    
 
作者: 丁家云 , 瞿胜章 , 艾家凤 主编
分册:  
出版信息: 合肥   中国科学技术大学出版社  2016
页数: 222页
开本: 24cm
丛书名:
单 册:
中图分类: G642.0-53
科图分类:
主题词: 高等学校--教学研究--文集
电子资源:
ISBN: 978-7-312-04006-1
000 01270nam0 2200277 450
001 0104105127
005 20170428132448.0
010    @a978-7-312-04006-1@dCNY42.00
100    @a20170220d2016 em y0chiy0120 ea
101 0  @achi
102    @aCN@b340000
105    @ay z 000yy
106    @ar
200 1  @a应用型本科高校教育教学研究@9Ying Yong Xing Ben Ke Gao Xiao;Jiao Jiao Yu;Yo Jiao Xue Yan Jiu @f丁家云,瞿胜章,艾家凤主编@b专著
210    @a合肥@c中国科学技术大学出版社@d2016
215    @a222页@d24cm
312    @a封面英文题名:Research on the teaching and learning of application oriented undergraduate education
330    @a本书为铜陵学院丁家云教授主持的安徽省重大教学改革研究项目的研究成果,以铜陵学院在应用型本科高校发展道路上的探索为主线,分别从师资队伍建设、学科专业建设、课程建设、实践教学、教学管理、创新创业、科研促教学、转型发展等方面进行研究。
510 1  @aResearch on the teaching and learning of application oriented undergraduate education@zeng
606 0  @a高等学校@x教学研究@j文集
690    @aG642.0-53@v5
701  0 @a丁家云@f(1961~)@4主编@9ding jia yun
701  0 @a瞿胜章@f(1962~)@4主编@9qu sheng zhang
701  0 @a艾家凤@c(女,@f1968~)@4主编@9ai jia feng
801  0 @aCN@bAZmarc@c20230904
905    @aBZT@dG642@e5@f5@sG642/5
    
    应用型本科高校教育教学研究/丁家云,瞿胜章,艾家凤主编.-合肥:中国科学技术大学出版社,2016
    222页;24cm
    
    
    ISBN 978-7-312-04006-1:CNY42.00
    本书为铜陵学院丁家云教授主持的安徽省重大教学改革研究项目的研究成果,以铜陵学院在应用型本科高校发展道路上的探索为主线,分别从师资队伍建设、学科专业建设、课程建设、实践教学、教学管理、创新创业、科研促教学、转型发展等方面进行研究。
●
相关链接 在五车中查询图书 在当当中查询图书 在豆瓣中查询图书


正题名:应用型本科高校教育教学研究     索取号:G642/5         预约/预借

序号 登录号 条形码 馆藏地/架位号 状态 备注
1 2000008616   2000008616   旧书回溯/ [索取号:G642/5] 在馆    
2 2000008617   2000008617   旧书回溯/ [索取号:G642/5] 在馆    
3 2000008618   2000008618   旧书回溯/ [索取号:G642/5] 在馆    
4 2000008619   2000008619   旧书回溯/ [索取号:G642/5] 在馆    
5 2000008620   2000008620   旧书回溯/ [索取号:G642/5] 在馆    
山东省滨州职业学院图书馆 欢迎您!
大连网信软件有限公司© 版权所有